FOUNDATION SYSTEMS FOR HIGR RISE STRUCTURES (Record no. 25852)

MARC details
000 -LEADER
fixed length control field 00326nam a22001457a 4500
003 - CONTROL NUMBER IDENTIFIER
control field SGT
020 ## - INTERNATIONAL STANDARD BOOK NUMBER
International Standard Book Number 9780367139049
082 ## - DEWEY DECIMAL CLASSIFICATION NUMBER
Classification number 624,KAT
100 ## - MAIN ENTRY--PERSONAL NAME
Personal name KATZENBACH
245 ## - TITLE STATEMENT
Title FOUNDATION SYSTEMS FOR HIGR RISE STRUCTURES
260 ## - PUBLICATION, DISTRIBUTION, ETC. (IMPRINT)
Place of publication, distribution, etc NEW YORK
Name of publisher, distributor, etc CRC PRESS
Year of Publication 2017
300 ## - PAGE DESCRIPTION
No. of Pages 298
650 ## - SUBJECT ADDED ENTRY--TOPICAL TERM
Topical term or geographic name as entry element CIVIL ENG.
942 ## - ADDED ENTRY ELEMENTS (KOHA)
Source of classification or shelving scheme Dewey Decimal Classification
Koha item type Books
Holdings
Withdrawn status Lost status Source of classification or shelving scheme Damaged status Use restrictions Not for loan Collection code Home library Current library Shelving location Date acquired Vendor Name SGTU Bill Number Full call number Accession No. (Barcode) Date last seen Bill Date Koha item type
    Dewey Decimal Classification   Restricted Access   ENGINEERING SGT Engineering Library SGT Engineering Library Text Book 08/04/2024 BRIJWASI BOOK DISTRIBUTORS SGTU IN NO-BW/000123 624,KAT FE9004 08/04/2024 12/03/2024 Books
    Dewey Decimal Classification       ENGINEERING SGT Engineering Library SGT Engineering Library Text Book 08/04/2024 BRIJWASI BOOK DISTRIBUTORS SGTU IN NO-BW/000123 624,KAT FE9005 08/04/2024 12/03/2024 Books